Precaution for the Proper Usage of Polyurethanes, Polyisocyanurates, and Related Materials

Bibliographic Details
Main Author: Edmondson, Keith H
Format: Section = Libro
Language:Undetermined
Spanish
Published: United Stated [s.e] 1980
Edition:2a. ed.
Subjects:
LEADER 00653nam a2200217Ia 4500
008 240830s9999 xx 000 0 und d
040 |a CEDOC FIQ-RUSB / 547 E24 
041 |a spa 
082 |a 547 E24 
100 1 |a Edmondson, Keith H 
245 1 0 |a Precaution for the Proper Usage of Polyurethanes, Polyisocyanurates, and Related Materials 
250 |a 2a. ed. 
260 |a United Stated  |b [s.e]  |c 1980 
300 |a 149 p. :il. 
650 7 |a QUÍMICA ORGÁNICA 
650 7 |b  ALIMENTACIÓN Y APLICACIÓN BIOLÓGICA 
650 7 |c  ESPUMA FLEXIBLE 
650 7 |d  PROCEDIMIENTOS PARA COMBATIR EL FUEGO 
942 |c BK  |2 ddc 
991 |a TEXTO 
999 |c 13997